000 00310nam a22001337a 4500
008 170628b xxu||||| |||| 00| 0 eng d
020 _a9780131546790
041 _aeng
080 _25TH
_a82
100 _a21
101 _aGJL
245 _aSPANISH COMPOSITION THROUGH LITERATURE
_cAYLLON.C
942 _2udc
_cBK
999 _c19367
_d19367